Library Banner

The history of philosophy in Islam/ (Record no. 96022)

MARC details
000 -LEADER
fixed length control field 00390nam a22001457a 4500
005 - DATE AND TIME OF LATEST TRANSACTION
control field 20170731153438.0
008 - FIXED-LENGTH DATA ELEMENTS--GENERAL INFORMATION
fixed length control field 170731b xxu||||| |||| 00| 0 eng d
040 ## - CATALOGING SOURCE
Transcribing agency PK-LaUMT
082 ## - DEWEY DECIMAL CLASSIFICATION NUMBER
Classification number ZIAC 297.01
Item number BOE-H
100 ## - MAIN ENTRY--PERSONAL NAME
Personal name Boer , T.J. DE
245 ## - TITLE STATEMENT
Title The history of philosophy in Islam/
Statement of responsibility, etc T.J. DE Boer
260 ## - PUBLICATION, DISTRIBUTION, ETC. (IMPRINT)
Place of publication, distribution, etc New York:
Name of publisher, distributor, etc Dover publications,
Date of publication, distribution, etc 1967
300 ## - PHYSICAL DESCRIPTION
Extent 216 p.
942 ## - ADDED ENTRY ELEMENTS (KOHA)
Koha item type Books
Holdings
Withdrawn status Lost status Damaged status Home library Current library Date acquired Full call number Barcode Date last seen Price effective from Koha item type
      UMT Main Campus UMT Main Campus 2017-07-31 ZIAC 297.01 BOE-H 111680 2017-07-31 2017-07-31 Books